Journal of the American Institute of Architects.

Bibliographic Details
New Title:Octagon
Previous Title:Quarterly bulletin - American Institute of Architects
Corporate Author: American Institute of Architects
Format: Journal
Language:English
Published: Harrisburg, Pa., Washington : American Institute of Architects.
Subjects:

MARC

Tag First Indicator Second Indicator Subfields
LEADER 00000cas a2200000 4500
001 in00000072011
005 20151008062515.0
008 750726d19131928dcumr p 0uuua0eng d
010 |a  14011874  
035 |a (OCoLC)01480019 
035 |9 AAK0366AM 
040 |a MUL  |c MUL  |d IUL  |d m.c.  |d NSD  |d TXA  |d UtOrBLW 
049 |a TXAE 
050 0 0 |a NA11  |b .A452 
090 |a NA1  |b .A3259 
110 2 |a American Institute of Architects. 
245 1 0 |a Journal of the American Institute of Architects. 
264 1 |a Harrisburg, Pa.,  |a Washington :  |b American Institute of Architects. 
300 |a 16 volumes :  |b illustrations, plates. (part color) portraits, plans., diagrams ;  |c 31 cm. 
336 |a text  |b txt  |2 rdacontent 
337 |a unmediated  |b n  |2 rdamedia 
338 |a volume  |b nc  |2 rdacarrier 
362 0 |a v. 1-16; Jan. 1913-Dec. 1928. 
500 |a The Journal was discontinued after the number for December 1928; since January 1929 the Octagon has been the organ of the institute. 
500 |a Some volumes are accompanied by supplements. 
650 0 |a Architecture  |x Societies, etc. 
650 0 |a Architecture  |z United States. 
650 0 |a Architecture  |v Periodicals. 
780 0 2 |t Quarterly bulletin - American Institute of Architects 
785 0 0 |t Octagon  |c (Washington, D.C.)  |x 0275-2352  |w (OCoLC)1587703 
999 |a MARS 
999 f f |s 899b6a4e-7bd0-38d1-a724-00b0dcf071f8  |i ffd765d8-7f3c-3a5b-8dc4-dd66a704aa5b  |t 0 
952 f f |p serial  |a Texas A&M University  |b College Station  |c Sterling C. Evans Library  |d Evans: Library Stacks  |t 0  |e NA1 .A3259  |h Library of Congress classification  |i unmediated -- volume  |k v.10  |l 1922  |m A14841152601 
952 f f |p serial  |a Texas A&M University  |b College Station  |c Sterling C. Evans Library  |d Evans: Library Stacks  |t 0  |e NA1 .A3259  |h Library of Congress classification  |i unmediated -- volume  |k v.4  |l 1916  |m A14841152570 
952 f f |p serial  |a Texas A&M University  |b College Station  |c Sterling C. Evans Library  |d Evans: Library Stacks  |t 0  |e NA1 .A3259  |h Library of Congress classification  |i unmediated -- volume  |k v.5  |l 1917  |m A14813854130 
952 f f |p serial  |a Texas A&M University  |b College Station  |c Sterling C. Evans Library  |d Evans: Library Stacks  |t 0  |e NA1 .A3259  |h Library of Congress classification  |i unmediated -- volume  |k v.1  |l 1913  |m A14841152627 
952 f f |p serial  |a Texas A&M University  |b College Station  |c Sterling C. Evans Library  |d Evans: Library Stacks  |t 0  |e NA1 .A3259  |h Library of Congress classification  |i unmediated -- volume  |k v.11  |l 1923  |m A14841152538 
952 f f |p serial  |a Texas A&M University  |b College Station  |c Sterling C. Evans Library  |d Evans: Library Stacks  |t 0  |e NA1 .A3259  |h Library of Congress classification  |i unmediated -- volume  |k v.3  |l 1915  |m A14841152643 
952 f f |p serial  |a Texas A&M University  |b College Station  |c Sterling C. Evans Library  |d Evans: Library Stacks  |t 0  |e NA1 .A3259  |h Library of Congress classification  |i unmediated -- volume  |k v.7  |l 1919  |m A14841152596 
952 f f |p serial  |a Texas A&M University  |b College Station  |c Sterling C. Evans Library  |d Evans: Library Stacks  |t 0  |e NA1 .A3259  |h Library of Congress classification  |i unmediated -- volume  |k v.2  |l 1914  |m A14841152635 
952 f f |p serial  |a Texas A&M University  |b College Station  |c Sterling C. Evans Library  |d Evans: Library Stacks  |t 0  |e NA1 .A3259  |h Library of Congress classification  |i unmediated -- volume  |k v.6  |l 1918  |m A14841152588 
998 f f |a NA1 .A3259  |s v.10-11 (1922-1923)  |t 0  |l Evans: Library Stacks